ბათუმის შოთა რუსთაველის სახელმწიფო უნივერსიტეტის ბიბლიოთეკა

Sammlung antiker Kleinkunst der Friedrich-Schiller-Universität Jena / (ბიბ.ჩანაწერი № 60635)

000 -LEADER
fixed length control field 00605nam a22001457a 4500
005 - DATE AND TIME OF LATEST TRANSACTION
control field 20230927104211.0
008 - FIXED-LENGTH DATA ELEMENTS--GENERAL INFORMATION
fixed length control field 230927s1981 gw ||||| |||| 00| 0 ger d
080 ## - UNIVERSAL DECIMAL CLASSIFICATION NUMBER
Universal Decimal Classification number 069 P-33
100 ## - MAIN ENTRY--PERSONAL NAME
Personal name Paul-Zinserling, Verena
9 (RLIN) 19927
245 ## - TITLE STATEMENT
Title Sammlung antiker Kleinkunst der Friedrich-Schiller-Universität Jena /
Statement of responsibility, etc. Verena Paul-Zinserling.
264 ## - PRODUCTION, PUBLICATION, DISTRIBUTION, MANUFACTURE, AND COPYRIGHT NOTICE
Place of production, publication, distribution, manufacture Jena,
Date of production, publication, distribution, manufacture, or copyright notice 1981.
300 ## - PHYSICAL DESCRIPTION
Extent 104 p.:
Other physical details ill.;
Dimensions 21 cm.
653 ## - INDEX TERM--UNCONTROLLED
keyword ანტიკური კაბარეს კოლექცია იენაში ფრიდრიხ შილერის უნივერსიტეტში
942 ## - ADDED ENTRY ELEMENTS (KOHA)
Source of classification or shelving scheme
Koha item type წიგნი
ეგზემპლარები
Withdrawn status Lost status Source of classification or shelving scheme Damaged status Not for loan Permanent Location Current Location Shelving location Date acquired Cost, normal purchase price Full call number Barcode Date last seen Copy number Uniform Resource Identifier Price effective from Koha item type Public note
          ბათუმის შოთა რუსთაველის სახელმწიფო უნივერსიტეტის მთავარი ბიბლიოთეკა ბათუმის შოთა რუსთაველის სახელმწიფო უნივერსიტეტის მთავარი ბიბლიოთეკა წიგნსაცავი 2023-09-27 7.00 069 P-33 65232 2023-09-27 65232 ბსუ-ს საპატიო დოქტორის გურამ ლორთქიფანიძის საჩუქარი 2023-09-27 წიგნი 7 ლ.